Du Spirituel dans l'art et dans la peinture en particulier. (notice n° 9571)
[ vue normale ]
| 000 -Label | |
|---|---|
| leader | 01295nam a22002293n 4500 |
| 099 ## - Informations locales | |
| Type de document | Livre |
| 100 ## - Données générales de traitement | |
| a | 19970701d1969 m y0frey50 ba |
| 101 0# - Langue | |
| langue document | français |
| 102 ## - Pays d'édition ou de production | |
| pays d'édition | France |
| 200 1# - Titre | |
| titre propre | Du Spirituel dans l'art et dans la peinture en particulier. |
| type de document | Livre |
| auteur | Kandinsky |
| titre // | ["Ueber das Geistige in der Kunst, insbesondere in der Malerei"]. |
| auteur secondaire | Traduit de l'allemand par Pierre Volbout |
| 210 ## - Editeur | |
| lieu de publication | Paris |
| nom de l'éditeur | Denoël, Gonthier |
| date de publication | 1969 |
| 215 ## - Description | |
| Importance matérielle | In-16 (18 cm), 187 p., ill., pl., couv. ill. 7,80 F. [D. L. 10258-69] |
| 225 ## - collection | |
| Collection | Bibliothèque Médiations |
| 300 ## - Note | |
| note | Médiations. 62. - La couv. porte en plus : "Au coeur de la création picturale" |
| 330 ## - Résumé | |
| Résumé | Quels sont les pouvoirs de la couleur ? Comment agit-elle sur notre conscience profonde ? Quelle est la situation créatrice de l'homme dans notre société actuelle ? Écrit en 1910 alors que l'artiste venait de peindre son premier tableau abstrait, nourri des observations et des expériences accumulées peu à peu, ce livre compte parmi les textes théoriques essentiels qui ont changé le cours de l'art moderne. |
| 700 ## - Auteur | |
| N° autorité | 11909375 |
| auteur | Kandinsky |
| prénom | Wassily |
| code de fonction | Auteur |
| koha internal code | 25549 |
| 702 ## - Auteur secondaire | |
| numéro de la notice d'autorité | 12645551 |
| nom | Volboudt |
| prénom | Pierre |
| code de fonction | Traducteur |
| koha internal code | 26435 |
| 801 #0 - source de catalogage | |
| pays | FR |
| agence de catalogage | FR-751131015 |
| date de la transaction | 19970701 |
| règles de catalogage utilisées | AFNOR |
| 801 #0 - source de catalogage | |
| pays | TN |
| agence de catalogage | 32Bis |
| 830 ## - note | |
| catalogeur | ABA |
| Propriétaire | Dépositaire | Localisation | Code barre | Numéro Inventaire | Cote | Note | Statut |
|---|---|---|---|---|---|---|---|
| The 32bis Library | The 32bis Library | Salle de lecture 32BIS | 007382 | 7301 | 709.2 KAN | Dépôt MAB | Consultable sur place |